000 00732nam a2200205 i 4500
001 180033
003 ES-MaACL
005 20230906220955.0
008 120402s1903 fr |||| | fre d
100 1 _aFourier, Charles.
_951964
245 1 3 _aLe socialisme sociétaire /
_cFourier ; extraits des oeuvres complètes publiés par Hubert Bourgin.
260 _aParis :
_bSociété Nouvelle de Librairie et d'Édition,
_c1903.
300 _a200 p. ;
_c16 cm.
490 1 _aBibliothèque socialiste ;
_v18-19
650 4 _aFourierismo.
_9149689
700 1 _aBourgin, Hubert.
_9147630
830 0 _aBibliothèque socialiste ;
_v18-19
_9185029
852 _aES-MaACL
_jD-2172(3)
_z.- Enc. en un vol. facticio
999 _c180033
_d180033